| 000 | 00561nam a22001817a 4500 | ||
|---|---|---|---|
| 003 | CEME | ||
| 005 | 20210628203613.0 | ||
| 008 | 210316b xxu||||| |||| 00| 0 eng d | ||
| 020 | _a3-540-18772-5 | ||
| 040 | _c. | ||
| 082 | _a511.4 LEC'B | ||
| 100 |
_aOrzag, S. A , Brebbia, C. A _966497 |
||
| 245 | _aLecture notes in engineering | ||
| 260 |
_aBERLIN _bSPRINGER VERLAG _c1987 |
||
| 300 | _a168P | ||
| 650 |
_aENGINEERING MATHEMATICS APPROXIMATION METHODS APPROXIMATION THEORY DATA PROCESSING FORTRAN (COMPUTER PROGRAM LANGUAGE) _966498 |
||
| 942 |
_cBK _2ddc |
||
| 999 |
_c574467 _d574467 |
||